LEADER 01051nam a2200277 u 4500 001 000000069400 003 CaOOAMICUS 005 20070226121915.0 008 020412s1970 gw u000 u ger u 020 $a3779680041 035 $a10926449 040 $aPUL(R)$bita 100 1 $aLaqueur, Walter.$0(OLS)http://pul/name/32472 245 10$aEuropa aus der Asche :$bGeschichte seit 1945 /$cWalter Laqueur. 260 $aMünchen :$bJuncker,$c1970. 300 $a459 p. ;$c24 cm 500 $aContiene indici. 504 $a"Literaturhinweise": p. 425-437. 651 4$aEuropa$xStoria$ySec. XX.$0(OLS)http://pul/subject/4726 850 $aPUL 852 $aPUL$W1$xSL Filosofia 1$y2$m127 C 29$j89847$nBK-PRI$b $qStampati$B89847$CPULBib$Z2$F89847 $H $81 941 1 $a8 961 $aINV: 40793 996 $6020$a3779680041$9(OLS)http://pul/number/89869 996 $6245$aEuropa aus der Asche :$bGeschichte seit 1945$9(OLS)http://pul/title/91658 996 $6260$aMünchen :$bJuncker$9(OLS)http://pul/publisher/72584 LEADER 01477nam a2200349 a 4500 001 000000148863 003 CaOOAMICUS 005 20160127112112.0 008 160127s2012 it u000 u ita r 020 $a978-88-8227-367-5* 032 $aLibriCat 040 $aPUL$bita 041 1 $aita$heng 082 04$a261.8 100 1 $aTheokritoff, Elizabeth.$0(OLS)http://pul/name/70979 240 10$aLiving in God creation.$lItaliano.$0(OLS)http://pul/title/187714 245 10$aAbitare la terra :$buna visione cristiana dell'ecologia /$cElisabeth Theokritoff. 260 $aMagnano :$bEdizioni Qiqajon,$cİ2012. 300 $a250 p. ;$c21 cm. 490 1 $aSpiritualità orientale 500 $aSul front.: Comunità di Bose. 650 4$aEcologia$xAspetti religiosi$xCristianesimo.$0(OLS)http://pul/subject/21069 650 4$aCristianesimo e ecologia.$0(OLS)http://pul/subject/9851 830 0$aSpiritualità orientale.$0(OLS)http://pul/title/63383 850 $aPUL 852 $aPUL$W1$xSL Religione 3$y85$m261. 8 THEEL 1$j171571$qDDC 21$B173036$CPULBib$Z2$F173036 $H126868 $81 941 1 $a9 996 $6020$a978-88-8227-367-5*$9(OLS)http://pul/number/159420 996 $6082$a261.8$9(OLS)http://pul/classification/367 996 $6245$aAbitare la terra :$buna visione cristiana dell'ecologia$9(OLS)http://pul/title/187715 996 $6260$aMagnano :$bEdizioni Qiqajon$9(OLS)http://pul/publisher/69094